Composers of the Classical Era - Statistics

General Stats
  • This quiz has been taken 80 times
    79 since last reset
  • The average score is 4 of 10
Answers on the Grid
Answers color-coded by a green-red scale on the quiz's grid according to % correct below.
Beethoven
Antonio Vivaldi
Wolfgang Mozart
Josef Haydn
Johann Sebastian Bach
Johannes Brahms
Johann Christian Bach
Pyotr Tchaikovsky
Claude Debussy
Muzio Clementi
John Williams
Luigi Boccherini
Christoph Gluck
Igor Stravinsky
Johann Strauss II
Richard Strauss
Dominico Dragonetti
Mark Morton
Hans Zimmer
Sergi Rachmaninov
Edvard Grieg
Johann Nepomuk Hummel
Edward Elgar
Franz Schubert
 
Answer Stats
Answer % Correct
Beethoven
92%
Wolfgang Mozart
63%
Josef Haydn
53%
Muzio Clementi
31%
Franz Schubert
29%
Johann Christian Bach
24%
Luigi Boccherini
20%
Christoph Gluck
16%
Johann Nepomuk Hummel
16%
Dominico Dragonetti
14%
No matching quizzes found
Score Distribution
Percent of People with Each Score
Percentile by Number Answered
Your Score History
You have not taken this quiz since the last reset